<?xml version="1.0" encoding="UTF-8"?>
<record
    xmlns:xsi="http://www.w3.org/2001/XMLSchema-instance"
    xsi:schemaLocation="http://www.loc.gov/MARC21/slim http://www.loc.gov/standards/marcxml/schema/MARC21slim.xsd"
    xmlns="http://www.loc.gov/MARC21/slim">

  <leader>00454    a2200157   4500</leader>
  <controlfield tag="005">20250509141347.0</controlfield>
  <controlfield tag="008">250509b        |||||||| |||| 00| 0 eng d</controlfield>
  <datafield tag="020" ind1=" " ind2=" ">
    <subfield code="a">9789355424853</subfield>
  </datafield>
  <datafield tag="041" ind1=" " ind2=" ">
    <subfield code="a">English</subfield>
  </datafield>
  <datafield tag="100" ind1=" " ind2=" ">
    <subfield code="a">Lau S.</subfield>
    <subfield code="9">209117</subfield>
  </datafield>
  <datafield tag="245" ind1=" " ind2=" ">
    <subfield code="a">Learning Data Science</subfield>
    <subfield code="b">: Data Wrangling, Exploration, Visualization And Modeling With Python</subfield>
  </datafield>
  <datafield tag="260" ind1=" " ind2=" ">
    <subfield code="b">SPD O r'eilly</subfield>
    <subfield code="c">2023</subfield>
  </datafield>
  <datafield tag="300" ind1=" " ind2=" ">
    <subfield code="a">573</subfield>
  </datafield>
  <datafield tag="700" ind1=" " ind2=" ">
    <subfield code="a">Joseph G.</subfield>
    <subfield code="a">Deborah N.</subfield>
    <subfield code="9">212039</subfield>
  </datafield>
  <datafield tag="942" ind1=" " ind2=" ">
    <subfield code="c">BK</subfield>
  </datafield>
  <datafield tag="999" ind1=" " ind2=" ">
    <subfield code="c">362231</subfield>
    <subfield code="d">362231</subfield>
  </datafield>
  <datafield tag="952" ind1=" " ind2=" ">
    <subfield code="0">0</subfield>
    <subfield code="1">0</subfield>
    <subfield code="2">ddc</subfield>
    <subfield code="4">0</subfield>
    <subfield code="7">0</subfield>
    <subfield code="a">CCEP</subfield>
    <subfield code="b">CCEP</subfield>
    <subfield code="d">2024-11-27</subfield>
    <subfield code="e">115</subfield>
    <subfield code="g">1725.00</subfield>
    <subfield code="l">1</subfield>
    <subfield code="o">005.74 LAU</subfield>
    <subfield code="p">CCEP-BK-67679</subfield>
    <subfield code="r">2026-03-18 14:29:27</subfield>
    <subfield code="s">2024-12-23</subfield>
    <subfield code="v">2300.00</subfield>
    <subfield code="w">2024-11-27</subfield>
    <subfield code="y">BK</subfield>
  </datafield>
</record>
